000 00335 a2200157 4500
001 56846
020 _a8532239048
040 _cAnchieta - Pituba
100 _aGaldino, Luiz
240 1 0 _aO destino de Perseu
_lpor
245 1 0 _aO destino de Perseu
300 _a95
362 0 _a1999
650 4 _aLiteratura juvenil
942 _cBK
999 _c56846
_d56846